00459nam a2200157 a 450000500170000000800410001702000150005805000250007310000180009824500510011626000410016730000210020865000220022965000220025165000280027320140310183351.0070629s19uu xx 00 eng d a1845575326 aRA 777.25b.K96 2006 aKumar, Vijaya aSecret tips to ultimate beauty /cVijaya Kumar aIndia :bNew Dawn Press, Inc,c2006. a104 p. :c22 cm. aBeauty, Personal. aHerbal cosmetics. aSkinxCare and hygiene.